Hegel's philosophy of nature (Record no. 83019)

MARC details
000 -LEADER
fixed length control field 00656 a2200229 4500
003 - CONTROL NUMBER IDENTIFIER
control field CBULib
005 - DATE AND TIME OF LATEST TRANSACTION
control field 20231113091538.0
008 - FIXED-LENGTH DATA ELEMENTS--GENERAL INFORMATION
fixed length control field 231027b |||||||| |||| 00| 0 eng d
020 ## - INTERNATIONAL STANDARD BOOK NUMBER
International Standard Book Number 9780199272679
040 ## - CATALOGING SOURCE
Language of cataloging English
Transcribing agency CBULib
Description conventions rda
050 ## - LIBRARY OF CONGRESS CALL NUMBER
Classification number BD 581 Mil
100 ## - MAIN ENTRY--PERSONAL NAME
Personal name Miller, A. V.
245 ## - TITLE STATEMENT
Title Hegel's philosophy of nature
Statement of responsibility, etc / by A.V. Miller
260 ## - PUBLICATION, DISTRIBUTION, ETC. (IMPRINT)
Name of publisher, distributor, etc Oxford University Press,
Date of publication, distribution, etc 2004
Place of publication, distribution, etc New York :
300 ## - PHYSICAL DESCRIPTION
Other physical details xxv, 450pages
336 ## - CONTENT TYPE
Source rdacontent
Content type term Text |
Content type code txt
337 ## - MEDIA TYPE
Source rdamedia
Media type term Unmediated |
Media type code n
338 ## - CARRIER TYPE
Source rdacarrier
Carrier type term Volume
Carrier type code nc
650 #0 - SUBJECT ADDED ENTRY--TOPICAL TERM
9 (RLIN) 293
Topical term or geographic name as entry element PHILOSOPHY OF NATURE
700 ## - ADDED ENTRY--PERSONAL NAME
9 (RLIN) 951
Personal name Findlay, J.N
942 ## - ADDED ENTRY ELEMENTS (KOHA)
Source of classification or shelving scheme
Koha item type MONOGRAPH
Holdings
Withdrawn status Lost status Source of classification or shelving scheme Damaged status Not for loan Collection code Permanent Location Current Location Shelving location Date acquired Source of acquisition Cost, normal purchase price Full call number Barcode Date last seen Copy number Price effective from Koha item type
          Main Library Open Access Collection CBU-MAIN LIBRARY, KITWE. CBU-MAIN LIBRARY, KITWE. General Stacks 10/27/2023 DON-BOOKAID 53.05 BD 581 Mil 752474 10/27/2023 1 10/27/2023 MONOGRAPH